| 000 | 00464cam a2200169ua 4500 | ||
|---|---|---|---|
| 001 | 6234 | ||
| 008 | 131125n ii |||gr||||Z||||||asm | ||
| 040 | _cMAIN | ||
| 082 | _a657 | ||
| 245 |
_aHisap Rakhyan paddhati tatwa aaru prayog : _bVolume II / _cBy Pradip bora . |
||
| 260 |
_aGuwahati: _bjanambhumi press private LTD, _c1989. |
||
| 300 | _ax,348p. | ||
| 653 | _aCommerce | ||
| 653 | _aHisap Rakhyan Paddhati | ||
| 700 |
_aBora,Pradip, _eAuthor. |
||
| 942 | _cBK | ||
| 999 |
_c5386 _d5386 |
||